| 000 | 01389nam a2200349 a 4500 | ||
|---|---|---|---|
| 001 | ebr10520073 | ||
| 003 | CaPaEBR | ||
| 006 | m u | ||
| 007 | cr cn||||||||| | ||
| 008 | 060111s2006 flua sb 001 0 eng d | ||
| 010 | _z 2006001079 | ||
| 020 | _z1932159258 (hardcover alk. paper) | ||
| 020 | _z9781932159257 | ||
| 020 | _z9781604276336 (e-book) | ||
| 040 |
_aCaPaEBR _cCaPaEBR |
||
| 035 | _a(OCoLC)269373486 | ||
| 050 | 1 | 4 |
_aHD69.P75 _bS365 2006eb |
| 082 | 0 | 4 |
_a658.4/04 _222 |
| 100 | 1 | _aSchnapper, Melvin. | |
| 245 | 1 | 0 |
_aValue-based metrics for improving results _h[electronic resource] : _ban enterprise project management toolkit / _cMel Schnapper, Steven Rollins. |
| 260 |
_aFt. Lauderdale, Fla. : _bJ. Ross Pub., _cc2006. |
||
| 300 |
_axix, 434 p. : _bill. |
||
| 504 | _aIncludes bibliographical references and index. | ||
| 533 |
_aElectronic reproduction. _bPalo Alto, Calif. : _cebrary, _d2012. _nAvailable via World Wide Web. _nAccess may be limited to ebrary affiliated libraries. |
||
| 650 | 0 |
_aProject management _xQuality control. |
|
| 650 | 0 | _aPerformance standards. | |
| 650 | 0 | _aWork measurement. | |
| 655 | 7 |
_aElectronic books. _2local |
|
| 700 | 1 |
_aRollins, Steven C., _d1950- |
|
| 710 | 2 | _aebrary, Inc. | |
| 856 | 4 | 0 |
_uhttp://site.ebrary.com/lib/rucke/Doc?id=10520073 _zAn electronic book accessible through the World Wide Web; click to view |
| 999 |
_c140883 _d140883 |
||